000 00737nam a2200241Ia 4500
003 OSt
005 20220925201856.0
006 a|||||r|||| 00| 0
007 ta
008 220923b |||||||| |||| 00| 0 eng d
037 _cGeneral Book
040 _aRTL
_cRTL
_beng
041 _2eng
_aeng
082 _aX62:75:(Z,81).2.N7, L1
100 _aSinghvi L M Ed.
245 0 _aBank nationalization and the supreme court judgem
260 _aDelhi
_bNational India
_c1971
300 _aviii, 274p. Appendix, p51-264
_ccm.
490 _aInstitute of constitutional and parliamentary studies
650 _aBank
942 _hX62:75:(Z,81).2.N7, L1
_cGB
_2CC
999 _c541566
_d541566